000 00532cam a2200145 4500500
005 20251012013722.0
041 _afre
042 _adc
100 1 0 _aProtais, Baptiste
_eauthor
245 0 0 _aPhilippe Le Guillou, Notre-Dame de l’univers, L’univers de Notre-Dame. Gallimard, “Blanche,” 2024, 272 pages, €21.
260 _c2025.
500 _a79
786 0 _nÉtudes | Avril | 4 | 2025-03-24 | p. 126-127 | 0014-1941
856 4 1 _uhttps://shs.cairn.info/journal-etudes-2025-4-page-126?lang=en&redirect-ssocas=7080
999 _c1529940
_d1529940